LIBRARY & INFORMATION CENTRE, KCAET, TAVANUR

ONLINE PUBLIC ACCESS CATALOGUE (OPAC)

Agricultural Microbiology (Record no. 13633)

MARC details
000 -LEADER
fixed length control field 00333nam a22001457a 4500
020 ## - INTERNATIONAL STANDARD BOOK NUMBER
ISBN 9788120306684
082 ## - DEWEY DECIMAL CLASSIFICATION NUMBER
Classification number 576
Item number RAN/AG
100 ## - MAIN ENTRY--AUTHOR NAME
Personal name Rangaswami, G
245 ## - TITLE STATEMENT
Title Agricultural Microbiology
250 ## - EDITION STATEMENT
Edition statement 2
260 ## - PUBLICATION, DISTRIBUTION, ETC. (IMPRINT)
Place of publication New Delhi
Name of publisher PHI Learning private Limited
Year of publication 2009
300 ## - PHYSICAL DESCRIPTION
Number of Pages 424
700 ## - ADDED ENTRY--PERSONAL NAME
Personal name Bagyaraj,D.J
942 ## - ADDED ENTRY ELEMENTS (KOHA)
Koha item type Books
Holdings
Withdrawn status Lost status Damaged status Collection code Home library Current library Shelving location Date acquired Cost, normal purchase price Full call number Accession Number Koha item type
      Non-fiction KAUAET KAUAET General Stacks 31/03/2012 250.00 576 RAN/AG 23511 Books
      Non-fiction KAUAET KAUAET General Stacks 31/03/2012 250.00 576 RAN/AG 23512 Books
      Non-fiction KAUAET KAUAET General Stacks 31/03/2012 250.00 576 RAN/AG 23513 Books
      Non-fiction KAUAET KAUAET General Stacks 31/03/2012 250.00 576 RAN/AG 23514 Books
      Non-fiction KAUAET KAUAET General Stacks 31/03/2012 250.00 576 RAN/AG 23515 Books
free website counter